|
|
|
|
| LEADER |
02698nam a2200649 a 4500 |
| 001 |
nkc20102032160 |
| 003 |
CZ PrNK |
| 005 |
20100326110540.0 |
| 007 |
ta |
| 008 |
100203s2009 xr ach e c 000 0bcze |
| 015 |
|
|
|a cnb002032160
|
| 020 |
|
|
|a 978-80-86185-82-8
|q (váz.)
|
| 035 |
|
|
|a (OCoLC)607528177
|
| 040 |
|
|
|a BOA001
|b cze
|d ABA001
|
| 041 |
1 |
|
|a cze
|a eng
|a ger
|b eng
|b ger
|h cze
|
| 043 |
|
|
|a e-xr---
|
| 045 |
|
|
|a w5x2
|
| 072 |
|
7 |
|a 39
|x Kulturní antropologie. Etnologie. Etnografie
|2 Konspekt
|9 1
|
| 072 |
|
7 |
|a 929
|x Biografie
|2 Konspekt
|9 8
|
| 080 |
|
|
|a 929
|2 MRF
|
| 080 |
|
|
|a 7.078
|2 MRF
|
| 080 |
|
|
|a 7.074
|2 MRF
|
| 080 |
|
|
|a 39-051
|2 MRF
|
| 080 |
|
|
|a 39
|2 MRF
|
| 080 |
|
|
|a (437.3)
|2 MRF
|
| 080 |
|
|
|a (092)
|2 MRF
|
| 080 |
|
|
|a (083.824)
|2 MRF
|
| 100 |
1 |
|
|a Habartová, Romana,
|d 1964-
|7 mzk2005282272
|4 aut
|
| 245 |
1 |
0 |
|a František Kretz (1859-1929) :
|b sběratel, národopisec, novinář /
|c Romana Habartová a kolektiv
|
| 246 |
3 |
|
|a Sběratel, národopisec, novinář František Kretz
|
| 246 |
1 |
8 |
|a František Kretz (1859-1929) - sběratel, národopisec, novinář
|
| 250 |
|
|
|a Vyd. 1.
|
| 260 |
|
|
|a V Uherském Hradišti :
|b Slovácké muzeum,
|c 2009
|
| 300 |
|
|
|a 201 s. :
|b il. (některé barev.), portréty, faksim. ;
|c 23 cm
|
| 500 |
|
|
|a "Katalog byl vydán k výročí Františka Kretze a k 95. výročí založení Slováckého muzea, pro které byla připravena jubilejní výstava Veteš nebo poklad? František Kretz a Slovácké muzeum (12.6.-14.9.2009)"--Rub tit. s.
|
| 500 |
|
|
|a 350 výt.
|
| 504 |
|
|
|a Obsahuje bibliografie a bibliografické odkazy
|
| 546 |
|
|
|a Část. souběžný anglický a německý text, anglická a německá resumé
|
| 600 |
1 |
7 |
|a Kretz, František,
|d 1859-1929
|7 jk01063295
|2 czenas
|
| 648 |
|
4 |
|a 1859-1929
|
| 650 |
0 |
7 |
|a mecenáši
|7 ph122719
|z Česko
|y 19.-20. století
|2 czenas
|
| 650 |
0 |
7 |
|a sběratelé umění
|7 ph536900
|z Česko
|y 19.-20. století
|2 czenas
|
| 650 |
0 |
7 |
|a etnografové
|7 ph120018
|z Česko
|y 19.-20. století
|2 czenas
|
| 650 |
0 |
7 |
|a lidová kultura
|7 ph122304
|z Česko
|2 czenas
|
| 650 |
0 |
9 |
|a art patrons
|z Czechia
|y 19th-20th centuries
|2 eczenas
|
| 650 |
0 |
9 |
|a art collectors
|z Czechia
|y 19th-20th centuries
|2 eczenas
|
| 650 |
0 |
9 |
|a ethnographers
|z Czechia
|y 19th-20th centuries
|2 eczenas
|
| 650 |
0 |
9 |
|a folk culture
|z Czechia
|2 eczenas
|
| 655 |
|
7 |
|a biografie
|7 fd131909
|2 czenas
|
| 655 |
|
7 |
|a katalogy výstav
|7 fd132536
|2 czenas
|
| 655 |
|
9 |
|a biography
|2 eczenas
|
| 655 |
|
9 |
|a exhibition catalogs
|2 eczenas
|
| 910 |
2 |
|
|a BOA001
|b 2-1236.345
|
| 990 |
|
|
|a BK
|
| 995 |
|
|
|a 01
|
| 991 |
|
|
|b 201003
|c NOV
|j 7 HAB
|
| 996 |
6 |
|
|b 2610411604
|c 2-1236.345
|l MZK
|r Sklad / do 1 hodiny
|n 13
|p p.v.
|w 001110029
|u 000010
|a 1
|e BOA001
|j MZK50
|s P
|